000 03633cam a2201177 i 4500
003 PE-LiUPU
005 20250813185701.0
008 200810e202002 pe a b 000 0 spa
020 _a9786123221591
040 _aDLC
_bspa
_cPE-LiUPU
_erda
_dPE-LiUPU
082 _223
_a344.83
_bG216d
100 1 0 _aGarcía Cavero, Percy,
_d1970-,
_eautor.
_92920
245 1 0 _aDerecho penal económico :
_bparte general /
_cPercy García Cavero.
250 _aCuarta edición.
264 1 _aLima :
_bInstituto Pacífico,
_c2022.
300 _a943 páginas :
_c25 centímetros.
336 _atext
_btxt
_2rdacontent
337 _aunmediated
_bn
_2rdamedia
338 _avolume
_bnc
_2rdacarrier
504 _aBibliografía: páginas 843-943.
505 _aEvolución histórica del derecho penal económico -- Cuestiones generales del derecho penal económico -- La configuración de los principios penales en el derecho penal económico -- La Ley penal económica: Los criterios de creación de la Ley penal económica -- Aplicación de la Ley penal económica -- La interpretación de la Ley penal económica -- La teoría del delito económico -- La perspectiva del análisis del delito económico -- La imputación objetiva -- La imputación subjetiva -- El descargo de la imputación -- La culpabilidad -- La imputación penal en el ámbito de la empresa -- Las fases de la realización del delito económico -- El concurso en los delitos económicos -- Las consecuencias jurídicas del delito económico: La pena -- Las consecuencias accesorias y la reparación civil.
526 _aP202
526 _aP201
526 _aP163
526 _aP162
526 _aP161
526 _aP160
526 _aP148
526 _aP147
526 _aP146
526 _aP145
526 _aP144
526 _aP143
526 _aP142
526 _aP141
526 _aP140
526 _aP139
526 _aP138
526 _aP137
526 _aP136
526 _aP135
526 _aP134
526 _aP133
526 _aP129
526 _aP128
526 _aP127
526 _aP120
526 _aP119
526 _aP118
526 _aP116
526 _aP115
526 _aP114
526 _aP110
526 _aP109
526 _aP108
526 _aP104
526 _aP103
526 _aP102
526 _aP99
526 _aP98
526 _aP97
526 _aP96
526 _aP95
526 _aP93
526 _aP90
526 _aP89
526 _aP88
526 _aP83
526 _aP82
526 _aP62
526 _aP59
526 _aP58
526 _aP57
526 _aP51
526 _aP49
526 _aP48
526 _aP47
526 _aP29
526 _aP24
526 _aP20
526 _aP19
526 _aP17
526 _aP15
526 _aP14
526 _aP12
526 _aP10
526 _aP09
526 _aP08
526 _aP07
526 _aP06
526 _aP05
526 _aP04
526 _aP01
556 _a10444184961 E001
_z9786123221591
650 1 8 _aDerecho penal económico
_xAspectos legales
_zPerú.
_92923
650 2 8 _aDerecho económico
_zPerú
_xInterpretación y aplicación.
_92924
942 _2ddc
_cBK
_n0
980 _618226
_aJaime Vilcazán Jefe de Análisis Documental
_81
_gALBERTO SANCHEZ Responsable de Automatización
999 _c62059
_d62059